[Event "Hoogeveen Amateurs op 25th"]
[Site "Hoogeveen"]
[Date "2022.10.18"]
[Round "4.21"]
[White "Mousa, Besher"]
[Black "Schol Grin, Anneke"]
[Result "0-1"]
[WhiteElo "753"]
[BlackElo "1583"]
[PlyCount "140"]
[EventDate "2022.10.15"]
[EventType "swiss"]
[EventRounds "7"]
[EventCountry "NED"]
[SourceTitle "CBM 210 Extra"]
[Source "ChessBase"]
[SourceDate "2022.11.30"]
[SourceVersion "1"]
[SourceVersionDate "2022.11.30"]
[SourceQuality "1"]

1. e4 c6 2. Nf3 d5 3. d3 Bg4 4. h3 Bxf3 5. Qxf3 dxe4 6. dxe4 Nd7 7. Bf4 e5 8. Bd2 Ngf6 9. Bg5 Be7 10. Bc4 Qb6 11. Nc3 Bb4 12. 0-0 Bxc3 13. bxc3 0-0 14. Rfd1 Qc7 15. Qg3 Nxe4 16. Qg4 Nxg5 17. Qxg5 Nf6 18. Rd3 h6 19. Qg6 Nd5 20. Bxd5 cxd5 21. Qg4 f5 22. Qd1 Rf7 23. Rb1 e4 24. Rxd5 Qxc3 25. Rd7 Qc6 26. Rbxb7 Rxd7 27. Rxd7 Kh8 28. Qd4 Qf6 29. Qd5 Rb8 30. Rxa7 Rb1+ 31. Kh2 Kh7 32. Rf7 Qg5 33. Qxf5+ Qxf5 34. Rxf5 Rb2 35. c4 Rxa2 36. c5 Rc2 37. Kg3 Kg6 38. Re5 Rc4 39. Kf4 Kf6 40. Rxe4 Rxc5 41. g4 Rc3 42. Re3 Rc4+ 43. Re4 Rc3 44. f3 Ra3 45. h4 g5+ 46. hxg5+ hxg5+ 47. Kg3 Rb3 48. Kf2 Ra3 49. Re3 Ra2+ 50. Re2 Ra3 51. Ke1 Rxf3 52. Rf2 Rxf2 53. Kxf2 Ke6 54. Kf3 Kd5 55. Ke3 Ke5 56. Kf3 Kd4 57. Kg3 Ke3 58. Kh3 Kf3 59. Kh2 Kxg4 60. Kg2 Kf4 61. Kh3 Kf3 62. Kh2 g4 63. Kg1 Kg3 64. Kh1 Kf2 65. Kh2 g3+ 66. Kh3 g2 67. Kh4 g1Q 68. Kh5 Kf3 69. Kh6 Kf4 70. Kh7 Kf5 0-1